000
00297nam a2200133Ia 4500
005
20260328104304.0
008
260328s9999||||xx |||||||||||||| ||und||
100
_a
Spinoza, Baruch
245
0
_a
Ética /
_c
Baruch Spinoza
260
_b
Sarpe
300
_a
263 p.
650
_a
ETICA
942
_c
BK
999
_c
10698
_d
10698